Berliner Speckgürtel - Hauptstadtregion - Statistiken

Allgemein
  • Dieses Quiz wurde 58 mal gespielt
  • Das Durchschnittsergebnis liegt bei 17 aus 50
Antwortstatistiken
Landkreis Kreisfreie Stadt / Gemeinde % Korrekt
Landeshauptstadt Potsdam
96%
Oberhavel Oranienburg
83%
Potsdam-Mittelmark Teltow
74%
Barnim Bernau
72%
Oder-Spree Erkner
65%
Havelland Falkensee
65%
Dahme-Spreewald Königs Wusterhausen
65%
Teltow-Fläming Ludwigsfelde
54%
Dahme-Spreewald Schönefeld
54%
Teltow-Fläming Blankenfelde-Mahlow
52%
Märkisch Oderland Strausberg
48%
Potsdam-Mittelmark Werder (Havel)
48%
Oberhavel Hohen Neuendorf
46%
Potsdam-Mittelmark Kleinmachnow
43%
Havelland Dallgow-Döberitz
39%
Dahme-Spreewald Zeuthen
39%
Havelland Schönwalde-Glien
37%
Potsdam-Mittelmark Stahnsdorf
37%
Barnim Ahrensfelde
35%
Märkisch Oderland Hoppegarten
35%
Dahme-Spreewald Wildau
35%
Oberhavel Birkenwerder
33%
Barnim Wandlitz
33%
Dahme-Spreewald Eichwalde
30%
Oberhavel Velten
30%
Oberhavel Glienicke / Nordbahn
28%
Barnim Panketal
28%
Havelland Wustermark
28%
Oberhavel Henningsdorf
26%
Potsdam-Mittelmark Michendorf
26%
Märkisch Oderland Neuenhagen b. Berlin
26%
Märkisch Oderland Petershagen/Eggersdorf
26%
Märkisch Oderland Fredersdorf-Vogelsdorf
24%
Teltow-Fläming Großbeeren
24%
Oberhavel Mühlenbecker Land
24%
Havelland Brieselang
20%
Oder-Spree Grünheide (Mark)
20%
Märkisch Oderland Rüdersdorf b. Berlin
20%
Oder-Spree Schöneiche b. Berlin
20%
Dahme-Spreewald Schulzendorf
20%
Potsdam-Mittelmark Nuthetal
17%
Teltow-Fläming Rangsdorf
17%
Märkisch Oderland Altlandsberg
13%
Oberhavel Oberkrämer
13%
Barnim Werneuchen
13%
Oder-Spree Woltersdorf
13%
Oder-Spree Gosen-Neu Zittau
9%
Dahme-Spreewald Mittenwalde
9%
Potsdam-Mittelmark Schwielowsee
7%
Oberhavel Leegebruch
4%
Keine übereinstimmenden Quizze gefunden
Verteilung der Resultate
Anzahl Personen mit jedem Resultat
Perzentil nach korrekt beantworteten Fragen
Ihre Resultats-Entwicklung
Sie haben dieses Quiz noch nicht gespielt